| 000 | 00505nam a2200157 a 4500 | ||
|---|---|---|---|
| 999 |
_c5135 _d5135 |
||
| 020 | _a1615353593 (hardcover) | ||
| 020 | _a9781615353590 (hardcover) | ||
| 100 | 1 | _aEncyclopaedia, Britannica. | |
| 245 | 1 | 0 | _a2011 encyclopaedia britannica world atlas / |
| 250 | _aRevised edition. | ||
| 260 |
_a[S.l.] : _bEncyclopaedia Britannica, _c2011. |
||
| 300 | _a392 p. ; | ||
| 650 |
_aAtlases _aPhysical Geography--Maps |
||
| 856 | 4 | 0 | _uhttp://www.amazon.com/exec/obidos/ASIN/1615353593/chopaconline-20 |
| 942 | _cBK | ||